I sensi incantati : romanzo /

Bibliographic Details
Main Author: Bevilacqua, Alberto, 1934-2013
Format: Book
Language:Italian
Published: Milano : Mondadori, [1991]
Edition:1. ed.
Series:Scrittori italiani (Arnoldo Mondadori editore)

MARC

Tag First Indicator Second Indicator Subfields
LEADER 00000cam a2200000 a 4500
001 in00001146821
005 20151001051325.0
008 920303s1991 it 000 1 ita
010 |a  92124856  
020 |a 8804351616 :  |c L29000 
035 |a (OCoLC)25533381 
035 |9 AGC1737AM 
040 |a DLC  |c DLC  |d TXA  |d UtOrBLW 
049 |a TXAM 
050 0 0 |a PQ4862.E816  |b S46 1991 
100 1 |a Bevilacqua, Alberto,  |d 1934-2013. 
245 1 2 |a I sensi incantati :  |b romanzo /  |c Alberto Bevilacqua. 
250 |a 1. ed. 
264 1 |a Milano :  |b Mondadori,  |c [1991] 
264 4 |c ©1991 
300 |a 271 pages ;  |c 22 cm. 
336 |a text  |b txt  |2 rdacontent 
337 |a unmediated  |b n  |2 rdamedia 
338 |a volume  |b nc  |2 rdacarrier 
490 1 |a Scrittori italiani 
830 0 |a Scrittori italiani (Arnoldo Mondadori editore) 
999 |a MARS 
999 f f |s ae1d0248-6084-39d0-bc82-53e30483e6d3  |i 14da6842-16d0-30f7-b363-8ba3c655c76d  |t 0 
952 f f |p ric  |a Texas A&M University  |b Rellis Campus  |c Joint Library Facility  |d Remote Storage  |t 0  |e PQ4862.E816 S46 1991  |h Library of Congress classification  |i unmediated -- volume  |m A14817621181 
998 f f |a PQ4862.E816 S46 1991  |t 0  |l Remote Storage